000 00622nam a2200205Ii 4500
003 JO-AjNU
008 230605s9999||||xx |||||||||||||| ||und||
017 _a618
040 _aJO-AjNU
_bara
_erda
_cJO-AjNU
041 _aara
050 1 4 _aSD373.Y3952 1980
100 3 _aهاش ، بيرترام,
_eauthor
_936407
245 0 0 _aقياسات الغابات
264 3 1 _aالموصل:وزارة التعليم العالي ، 1980
300 _a512ص
336 _atext
_btxt
_2rdacontent
337 _aunmediated
_bn
_2rdamedia
338 _avolume
_bnc
_2rdacarrier
650 4 _aالغابات-القياس
_936408
999 _aA15124
_c18692
_d18692